| 000 | 00522nam a22002057a 4500 | ||
|---|---|---|---|
| 003 | OSt | ||
| 008 | 231230b |||||||| |||| 00| 0 eng d | ||
| 020 | _a9789380896267 | ||
| 082 | _a510 SEE | ||
| 100 | _aSEHGAL,Amit | ||
| 245 | _aElements of Mathematical Foundations of Computer Science Paper-108 | ||
| 250 | _a1st Ed | ||
| 260 |
_aNew Delhi _bJeevansons Publications _c- |
||
| 300 | _aMISC | ||
| 650 | _aBCA | ||
| 700 | _aKUMAR,Sunil | ||
| 700 | _aDAHIYA,Sandeep | ||
| 700 | _aYADAV,Vikasdeep | ||
| 942 |
_2ddc _cBK |
||
| 999 |
_c12130 _d12130 |
||